| 000 | 01027nam0a22002651 4500 | ||
|---|---|---|---|
| 001 | rc\1092454 | ||
| 005 | 20041126173850.8 | ||
| 035 | _a(NLR Aleph) 006339139 | ||
| 090 |
_a7624720 _c7624720 |
||
| 100 | _a20041126d1983 u |0rusy50 ca | ||
| 101 | 0 | _arus | |
| 102 | _aRU | ||
| 105 | _ay ||||||||| | ||
| 200 | 1 |
_aПрактикум по экономической географии СССР _e[Для пед. ин-тов по геогр. спец. _fРазраб. Кастальским Б.В., Синюковой Т.И., Смирновой В.М. и др.] _gПод ред. И.К. Орфанова |
|
| 210 |
_aМ. _cПросвещение _d1983 |
||
| 215 |
_a158 с. _d21 |
||
| 300 | _aАвт. указаны на 5-й с. | ||
| 320 | _aБиблиогр. в тексте | ||
| 702 | 1 |
_aКастальский _bБ. В. _4570 |
|
| 702 | 1 |
_aОрфанов _bИ. К. _gИван Константинович _4340 |
|
| 801 | 0 |
_aRU _bNLR _gpsbo |
|
| 801 | 1 |
_aRU _bELAR _2rusmarc |
|
| 852 |
_aNLR _j84-5/2121 |
||
| 942 | _cBOOK | ||
| 980 | _aNB | ||